000 01468cam a22002654a 4500
001 16618658
005 20150505133640.0
008 110121t2011 maua frb 001 0 eng d
020 _a9780123838674
020 _a0123838673
040 _aDLC
_cDLC
_dYDX
_dYDXCP
_dDLC
_dEG-ScBUE
082 0 0 _a621.8672
_222
_bPIP
245 0 0 _aPipeline planning and construction field manual /
_c[edited by] E. Shashi Menon.
260 _aWaltham ;
_aOxford :
_bGulf Professional Publishing / Elsevier,
_cc.2011.
300 _axxiii, 552 p. :
_bill. ;
_c23 cm.
500 _aIncludes appendixes.
500 _aIndex : p. 549-552.
504 _aIncludes bibliographical references.
505 0 _aDesign basis -- Route selection -- Pipeline regulatory and environmental permits -- Right of way -- Alignment sheets -- Overview of pipeline materials -- Pipe strength and wall thickness -- Pipeline hydraulic analysis -- Series and parallel piping and power required -- Valve stations -- Pump stations -- Compressor stations -- Corrosion protection -- Leak detection -- Pipeline pigging and inspection -- Pipeline construction -- Welding and NDT -- Hydrostatic testing -- Commissioning -- Specification writing, data sheet production, requisition development and bid analysis -- Operations and maintenance manuals.
650 7 _aPipelines.
_2BUEsh
_937842
653 _bENGGEN
_cMay2015
655 _vreading book
_934232
700 1 _aMenon, E. Shashi,
_917784
_eeditor.
942 _2ddc
999 _c19279
_d19251